Filme mit Tieren im Titel #2 - Statistiken

Allgemein
  • Dieses Quiz wurde 135 mal gespielt
  • Das Durchschnittsergebnis liegt bei 10 aus 24
Antwortstatistiken
Film % Korrekt
Kung Fu {Panda}
96%
Der König der {Löwen}
90%
Und täglich grüßt das {Murmeltier}
88%
Keinohr{hasen}
81%
Der {Frosch} mit der Maske
73%
Die {Katze} auf dem heißen Blechdach
70%
{Schweinchen} Babe in der großen Stadt
62%
Pakt der {Wölfe}
61%
Rocky III – Das Auge des {Tigers}
61%
Ich glaub’ mich knutscht ein {Elch}
49%
Wasser für die {Elefanten}
42%
Sie nannten ihn {Mücke}
35%
Wer die {Nachtigall} stört
32%
{Piranhas} II – Die Rache der Killerfische
27%
Mr. Poppers {Pinguine}
25%
Von {Mäusen} und Menschen
22%
About a Boy oder: Der Tag der toten {Ente}
20%
{Gorillas} im Nebel
20%
Kuss der {Spinnen}frau
17%
Die drei Tage des {Condor}
15%
Die Spur des {Falken}
15%
Wer küsst schon einen {Leguan}?
11%
Die letzten {Glühwürmchen}
5%
{Leoparden} küsst man nicht
5%
Keine übereinstimmenden Quizze gefunden
Verteilung der Resultate
Anzahl Personen mit jedem Resultat
Perzentil nach korrekt beantworteten Fragen
Ihre Resultats-Entwicklung
Sie haben dieses Quiz noch nicht gespielt